Rediscovering the traditions of Israel : (Record no. 29983)
[ view plain ]
| 000 -LEADER | |
|---|---|
| fixed length control field | 01066nam a2200229 4500 |
| 008 - FIXED-LENGTH DATA ELEMENTS--GENERAL INFORMATION | |
| fixed length control field | 070822s1975 mtu b 001 0 eng |
| 020 ## - INTERNATIONAL STANDARD BOOK NUMBER | |
| International Standard Book Number | 0884140555 :USD |
| -- | .20 |
| 090 ## - LOCALLY ASSIGNED LC-TYPE CALL NUMBER (OCLC); LOCAL CALL NUMBER (OCLC) | |
| Classification number (OCLC) (R) ; Classification number, CALL (RLIN) (NR) | BS1160 |
| Local cutter number (OCLC) ; Book number/undivided call number, CALL (RLIN) | K74r |
| 100 1# - MAIN ENTRY--PERSONAL NAME | |
| Personal name | Knight, Douglas A. |
| 245 10 - TITLE STATEMENT | |
| Title | Rediscovering the traditions of Israel : |
| Remainder of title | the development of the traditio-historical research of the Old Testament, with special consideration of Scandinavian contributions / |
| Statement of responsibility, etc | by Douglas A. Knight. |
| 250 ## - EDITION STATEMENT | |
| Edition statement | Rev. ed. |
| 260 ## - PUBLICATION, DISTRIBUTION, ETC. (IMPRINT) | |
| Place of publication, distribution, etc | [Missoula, Mont.] : |
| Name of publisher, distributor, etc | Society of Biblical Literature : distributed by Scholars Press, |
| Date of publication, distribution, etc | 1975. |
| 300 ## - PHYSICAL DESCRIPTION | |
| Extent | xv, 439 p. ; |
| Dimensions | 22 cm. |
| 490 1# - SERIES STATEMENT | |
| Series statement | Dissertation series ; no. 9 |
| 500 ## - GENERAL NOTE | |
| General note | Includes indexes. |
| 500 ## - GENERAL NOTE | |
| General note | Originally presented as the author's thesis, Gèottingen, 1972. |
| 504 ## - BIBLIOGRAPHY, ETC. NOTE | |
| Bibliography, etc | Bibliography: p. 401-428. |
| 630 04 - SUBJECT ADDED ENTRY--UNIFORM TITLE | |
| Uniform title | Bible. |
| Name of part/section of a work | O.T. |
| General subdivision | Criticism, interpretation, etc. |
| -- | History |
| Chronological subdivision | Modern period, 1500- |
| 951 ## - EQUIVALENCE OR CROSS-REFERENCE-GEOGRAPHIC NAME/AREA NAME [OBSOLETE] [CAN/MARC only] | |
| General subdivision | 00035458 |
| 830 #0 - SERIES ADDED ENTRY--UNIFORM TITLE | |
| Uniform title | Dissertation series (Society of Biblical Literature) ; |
| Volume number/sequential designation | no. 9. |
| 951 ## - EQUIVALENCE OR CROSS-REFERENCE-GEOGRAPHIC NAME/AREA NAME [OBSOLETE] [CAN/MARC only] | |
| -- | 31055 |
| -- | BS1160/K74r |
| -- | 070822165308468 |
| -- | 2000-12-21 |
| -- | GC |
| Withdrawn status | Lost status | Damaged status | Not for loan | Home library | Current library | Shelving location | Date acquired | Accession number | Shelving control number | Total Checkouts | Full call number | Barcode | Date last seen | Price effective from | Koha item type |
|---|---|---|---|---|---|---|---|---|---|---|---|---|---|---|---|
| BSOP Library | BSOP Library | GC | 12/21/2000 | 31055 | 127 | BS1160/K74r | 00035458 | 02/23/2013 | 02/23/2013 | Books |
